UEMAko kide diren udalerriak - Statistics

General Stats
  • This quiz has been taken 34 times
    27 since last reset
  • The average score is 66 of 113
Answer Stats
Probintzia Answer % Correct
Gipuzkoa Arama
100%
Araba Aramaio
100%
Bizkaia Lekeitio
100%
Nafarroa Arantza
88%
Nafarroa Bera
88%
Nafarroa Doneztebe
88%
Gipuzkoa Elgeta
88%
Bizkaia Markina-Xemein
88%
Gipuzkoa Mendaro
88%
Gipuzkoa Oñati
88%
Bizkaia Ondarroa
88%
Gipuzkoa Aduna
75%
Bizkaia Ajangiz
75%
Gipuzkoa Antzuola
75%
Nafarroa Arbizu
75%
Gipuzkoa Ataun
75%
Bizkaia Aulesti
75%
Nafarroa Baztan
75%
Bizkaia Bermeo
75%
Bizkaia Dima
75%
Bizkaia Ea
75%
Nafarroa Etxarri-Aranatz
75%
Gipuzkoa Gaintza
75%
Gipuzkoa Itsasondo
75%
Gipuzkoa Legorreta
75%
Nafarroa Leitza
75%
Nafarroa Lekunberri
75%
Bizkaia Mañaria
75%
Gipuzkoa Mutriku
75%
Gipuzkoa Orexa
75%
Bizkaia Otxandio
75%
Gipuzkoa Segura
75%
Gipuzkoa Zerain
75%
Gipuzkoa Alegia
63%
Bizkaia Amoroto
63%
Bizkaia Arantzazu
63%
Bizkaia Areatza
63%
Bizkaia Artea
63%
Gipuzkoa Asteasu
63%
Bizkaia Bakio
63%
Gipuzkoa Berastegi
63%
Gipuzkoa Bergara
63%
Bizkaia Busturia
63%
Gipuzkoa Deba
63%
Nafarroa Etxalar
63%
Bizkaia Etxebarria
63%
Gipuzkoa Gaztelu
63%
Gipuzkoa Getaria
63%
Bizkaia Gizaburuaga
63%
Gipuzkoa Hondarribia
63%
Gipuzkoa Ibarra
63%
Gipuzkoa Idiazabal
63%
Nafarroa Lesaka
63%
Bizkaia Mallabia
63%
Bizkaia Mendexa
63%
Bizkaia Muxika
63%
Gipuzkoa Orendain
63%
Gipuzkoa Orio
63%
Bizkaia Orozko
63%
Gipuzkoa Usurbil
63%
Gipuzkoa Zaldibia
63%
Gipuzkoa Zarautz
63%
Bizkaia Zeanuri
63%
Gipuzkoa Zegama
63%
Bizkaia Ziortza-Bolibar
63%
Gipuzkoa Zizurkil
63%
Gipuzkoa Zumaia
63%
Gipuzkoa Aizarnazabal
50%
Gipuzkoa Altzaga
50%
Gipuzkoa Amezketa
50%
Nafarroa Arano
50%
Gipuzkoa Astigarraga
50%
Bizkaia Atxondo
50%
Gipuzkoa Azkoitia
50%
Gipuzkoa Azpeitia
50%
Nafarroa Bakaiku
50%
Bizkaia Berriatua
50%
Gipuzkoa Berrobi
50%
Gipuzkoa Bidania-Goiatz
50%
Gipuzkoa Anoeta
50%
Gipuzkoa Errezil
50%
Gipuzkoa Ezkio-Itsaso
50%
Gipuzkoa Gabiria
50%
Bizkaia Gatika
50%
Bizkaia Igorre
50%
Gipuzkoa Ikaztegieta
50%
Nafarroa Ituren
50%
Bizkaia Larrabetzu
50%
Bizkaia Munitibar
50%
Gipuzkoa Oiartzun
50%
Gipuzkoa Tolosa
50%
Gipuzkoa Zestoa
50%
Gipuzkoa Altzo
38%
Nafarroa Areso
38%
Gipuzkoa Baliarrain
38%
Gipuzkoa Elduain
38%
Nafarroa Goizueta
38%
Nafarroa Igantzi
38%
Nafarroa Lakuntza
38%
Gipuzkoa Lezo
38%
Gipuzkoa Lizartza
38%
Gipuzkoa Alkiza
25%
Nafarroa Araitz
25%
Bizkaia Arrakudiaga-Zollo
25%
Gipuzkoa Beizama
25%
Gipuzkoa Irura
25%
Bizkaia Izurtza
25%
Gipuzkoa Leaburu-Txarama
25%
Gipuzkoa Amasa-Villabona
13%
Nafarroa Arruazu
13%
Nafarroa Basaburua
13%
Gipuzkoa Hernani
13%
Nafarroa Larraun
13%
No matching quizzes found
Score Distribution
Percent of People with Each Score
Percentile by Number Answered
Your Score History
You have not taken this quiz since the last reset